Central Library OPAC University of Rajshahi

A critical study of the life and novels of Bankimcandra / (Record no. 21676)

MARC details
000 -LEADER
fixed length control field 00678nam a2200229 a 4500
001 - CONTROL NUMBER
control field 21676
003 - CONTROL NUMBER IDENTIFIER
rucl marc code BD-RjUL
005 - DATE AND TIME OF LATEST TRANSACTION
control field 20211209000721.0
008 - FIXED-LENGTH DATA ELEMENTS--GENERAL INFORMATION
fixed length control field 140305s1937 ii b 000 0 eng d
035 ## - SYSTEM CONTROL NUMBER
System control number (BD-RjUL)21741
System control number (BD-RjUL)
040 ## - CATALOGING SOURCE
Original cataloging agency ANL
Language of cataloging eng
Transcribing agency ANL
041 ## - LANGUAGE CODE
Language code of text/sound track or separate title eng
082 ## - DEWEY DECIMAL CLASSIFICATION NUMBER
Classification number 891.443
Author mark and year DAC 1937
100 1# - MAIN ENTRY--PERSONAL NAME
Personal name Das Gupta, Jayanta Kumar.
9 (RLIN) 66946
245 12 - TITLE STATEMENT
Title A critical study of the life and novels of Bankimcandra /
Statement of responsibility, etc. by Jayanta Kumar Das Gupta.
260 ## - PUBLICATION, DISTRIBUTION, ETC. (IMPRINT)
Place of publication, distribution, etc. Calcutta :
Name of publisher, distributor, etc. Calcutta Universiy,
Date of publication, distribution, etc. 1937.
300 ## - PHYSICAL DESCRIPTION
Pagination xiv, 186 p. ;
Size 23 cm.
504 ## - BIBLIOGRAPHY, ETC. NOTE
Bibliography, etc includes index
600 10 - SUBJECT ADDED ENTRY--PERSONAL NAME
Personal name Chatterji, Bankim Chandra,
Dates associated with a name 1838-1894.
942 ## - ADDED ENTRY ELEMENTS (KOHA)
Source of classification or shelving scheme Dewey Decimal Classification
Koha item type Books
Holdings
Lost status Source of classification or shelving scheme Damaged status Not for loan Collection code Permanent Location Current Location Shelving location Date acquired Source of acquisition Cost, normal purchase price Total Checkouts Full call number Date last seen Copy number Koha item type
  Dewey Decimal Classification   Added to bundle Fiction Central Library, University of Rajshahi Central Library, University of Rajshahi Reading Room 26/11/1962 kamchi book 3.12   891.443 DAC 1937 05/03/2014 C-1 Books